| 000 | 00659nam a2200193 i 4500 | ||
|---|---|---|---|
| 001 | 142546 | ||
| 003 | ES-MaACL | ||
| 005 | 20230906200543.0 | ||
| 007 | t| | ||
| 008 | 071008s1978 sp ||||1| spa d | ||
| 080 | _a618.19-006-076 | ||
| 100 | 1 |
_aVilaplana Vilaplana, Eduardo. _9114791 |
|
| 245 | 1 | 3 |
_aLa citología como método diagnóstico de la patología mamaria / _cEduardo Vilaplana Vilaplana. |
| 260 |
_aAlicante : _bInstituto de Estudios Alicantinos, _c[1978?] |
||
| 300 |
_a157 p. : _bil. ; _c21 cm. |
||
| 650 | 4 |
_aMamas- _xCitodiagnóstico. _914747 |
|
| 710 | 2 |
_aInstituto de Estudios Alicantinos. _94886 |
|
| 852 |
_aES-MaACL _jL-1314 _bR.101650 |
||
| 999 |
_c142546 _d142546 |
||